Fabulous pompoms
| Main Author: | |
|---|---|
| Format: | Book |
| Published: |
Kent :
Search Press Limited ,
2015
|
| Series: | Twenty to make
|
| Subjects: |
MARC
| LEADER | 00000cam a2200000 7i4500 | ||
|---|---|---|---|
| 001 | 0000199021 | ||
| 005 | 20160315.0 | ||
| 020 | |a 9781782212010 | ||
| 090 | 0 | 0 | |a 745.5 |b MAC |
| 100 | 1 | |a Macdonald, Alistair | |
| 245 | 1 | 0 | |a Fabulous pompoms |c Alistair Macdonald |
| 260 | |a Kent : |b Search Press Limited , |c 2015 | ||
| 300 | |a 48p. ; |c 21cm. | ||
| 490 | 0 | |a Twenty to make | |
| 650 | 0 | |a Fancy work | |
| 650 | 0 | |a Handicraft | |
| 999 | |a 00317341 |b BUKU |c PINJAMAN |e PERPUSTAKAAN KOMUNITI PETALING JAYA | ||